4 Bilder, 1 Wort - Statistiken

Allgemein
  • Dieses Quiz wurde 142 mal gespielt
  • Das Durchschnittsergebnis liegt bei 26 aus 40
Antwortstatistiken
Bildquiz Antwort % Korrekt
Ball
100%
Ball
100%
Ball
100%
Ball
100%
Flügel
98%
Flügel
98%
Flügel
98%
Flügel
98%
Schlüssel
92%
Schlüssel
92%
Schlüssel
92%
Schlüssel
92%
Maske
90%
Maske
90%
Maske
90%
Maske
90%
Licht
83%
Licht
83%
Licht
83%
Licht
83%
Zug
47%
Zug
47%
Zug
47%
Zug
47%
Halle
43%
Halle
43%
Halle
43%
Halle
43%
Parken
41%
Parken
41%
Parken
41%
Parken
41%
Essen
37%
Essen
37%
Essen
37%
Essen
37%
Grenze
20%
Grenze
20%
Grenze
20%
Grenze
20%
Keine übereinstimmenden Quizze gefunden
Verteilung der Resultate
Anzahl Personen mit jedem Resultat
Perzentil nach korrekt beantworteten Fragen
Ihre Resultats-Entwicklung
Sie haben dieses Quiz noch nicht gespielt